The construction of buildings, volume 3

Bibliographic Details
Main Author: Barry, R. (Author)
Format: Book
Published: London ELBS Granada 1984
Edition:3rd ed
Subjects:

MARC

LEADER 00000cam a2200000 7i4500
001 0000000251
008 021118s1984
020 |a 0246119519 
090 0 0 |a TH145  |b B33 1984 
100 0 |a Barry, R.  |e author 
245 1 4 |a The construction of buildings, volume 3  |c R. Barry 
250 |a 3rd ed 
260 2 |a London  |b ELBS  |b Granada  |c 1984 
300 |a 96 p.  |c 28 cm 
650 0 |a Building 
999 |a 1000035552  |b Book  |c OPEN SHELF (30 DAYS)  |e Gong Badak Campus